| 000 | 00443pab a2200145 454500 | ||
|---|---|---|---|
| 008 | 180718b1990 xxu||||| |||| 00| 0 eng d | ||
| 100 | _aDukhira, Chit G. | ||
| 245 | _aAn expose of local government in modern Mauritius | ||
| 260 | _c1990 | ||
| 300 | _a53-64 | ||
| 362 | _aApr.-Jun.-Jul.-Sept. | ||
| 650 | _aLocal Government - Mauritius | ||
| 773 | _aQuarterly Journal of the All - India Institute of Local Self - Government | ||
| 909 | _a12925 | ||
| 999 |
_c12925 _d12925 |
||